[Event "3. Arber-Open 2014"]
[Site "Bayerisch Eisenstein"]
[Date "2014.08.23"]
[Round "8.19"]
[White "Fuchs, Benno"]
[Black "Forgach, Andreas"]
[Result "1-0"]
[WhiteElo "1790"]
[BlackElo "1909"]
[PlyCount "59"]
[EventDate "2014.??.??"]
[WhiteTeam "SF Botv. Steinsfurt"]
[BlackTeam "Kasseler SK 1876"]

1. e4 c5 2. Nf3 Nc6 3. Bb5 g6 4. O-O Bg7 5. c3 Nf6 6. Re1 O-O 7. d4 cxd4 8.
cxd4 d5 9. e5 Ne8 10. Nc3 Nc7 11. Bxc6 bxc6 12. Na4 Ne6 13. Be3 f6 14. Rc1 Bd7
15. Qd2 Re8 16. Bh6 Bh8 17. Qd3 Rb8 18. b3 Rb5 19. Nh4 Kf7 20. f4 f5 21. Nxf5
Nxf4 22. Bxf4 Bxf5 23. Qf3 Kg8 24. Rxc6 Qa5 25. Rec1 Qb4 26. Nc3 Qxd4+ 27. Be3
Qd3 28. Nxb5 Qxb5 29. R6c5 Qa6 30. Qxd5+ 1-0

[Event "3. Arber-Open 2014"]
[Site "Bayerisch Eisenstein"]
[Date "2014.08.23"]
[Round "8.20"]
[White "Blank, Stefan"]
[Black "Weiland, Thomas"]
[Result "0-1"]
[WhiteElo "1838"]
[BlackElo "1889"]
[PlyCount "118"]
[EventDate "2014.??.??"]
[WhiteTeam "SC Sulzbach"]
[BlackTeam "SV Oberursel"]

1. e4 d5 2. exd5 Nf6 3. Bb5+ Bd7 4. Bc4 Bg4 5. f3 Bf5 6. Nc3 Nbd7 7. Nge2 Nb6
8. Bb3 Nfxd5 9. Nxd5 Nxd5 10. Ng3 Bg6 11. O-O e6 12. d4 c6 13. f4 Bd6 14. c4
Ne7 15. Qg4 Qd7 16. Bd2 O-O-O 17. Be3 h5 18. Qf3 h4 19. Ne4 Nf5 20. Nxd6+ Qxd6
21. d5 Nxe3 22. Qxe3 c5 23. dxe6 fxe6 24. Rad1 Qc6 25. Rfe1 Bf5 26. Rxd8+ Rxd8
27. Qf2 Rh8 28. Bd1 Qc7 29. Re5 b6 30. a4 g5 31. a5 Qd6 32. Ba4 h3 33. axb6
axb6 34. g3 Rd8 35. Qf3 Kb8 36. Re1 Qd4+ 37. Qf2 gxf4 38. Qxd4 Rxd4 39. Bb5
fxg3 40. hxg3 Rd2 41. b3 Rg2+ 42. Kh1 Rxg3 43. Ba4 Kc7 44. Kh2 Rg2+ 45. Kh1 Rd2
46. Bb5 Kd6 47. Be8 Rd3 48. Ba4 Bg4 49. Rf1 Rd1 50. Rxd1+ Bxd1 51. Kh2 Bg4 52.
Bb5 e5 53. Be8 e4 54. Bg6 Ke5 55. Kg3 e3 56. Bf7 Bf5 57. Bh5 Kd4 58. Be2 Bc2
59. Kxh3 Bxb3 0-1

[Event "3. Arber-Open 2014"]
[Site "Bayerisch Eisenstein"]
[Date "2014.08.23"]
[Round "8.21"]
[White "Schulz, Gerhard"]
[Black "Bergmann, Reiner"]
[Result "1/2-1/2"]
[WhiteElo "1792"]
[BlackElo "1851"]
[PlyCount "85"]
[EventDate "2014.??.??"]
[WhiteTeam "PSV Ludwigslust"]
[BlackTeam "SC Bayerwald"]

1. d4 Nf6 2. Nf3 g6 3. Bf4 Bg7 4. h3 d6 5. Nc3 O-O 6. e4 c6 7. Qd2 b5 8. a3 Qa5
9. b4 Qd8 10. Bh6 a5 11. Bxg7 Kxg7 12. Qd1 d5 13. exd5 Nxd5 14. Nxd5 Qxd5 15.
Be2 Nd7 16. O-O Nf6 17. Bd3 axb4 18. axb4 Rxa1 19. Qxa1 Bxh3 20. Re1 Be6 21.
Ne5 Qd6 22. c3 Bd5 23. Re3 Nd7 24. f4 Nxe5 25. fxe5 Qd7 26. Qe1 Ra8 27. Qh4 Ra2
28. Be2 h5 29. Bf3 Ra1+ 30. Kh2 Ra2 31. Kg1 Qe6 32. Be4 Bxe4 33. Rxe4 Qd5 34.
Qe1 Qb3 35. Re3 Qb2 36. Qg3 h4 37. Qf3 Ra1+ 38. Kh2 Qb1 39. Kh3 Qh1+ 40. Kg4
Rg1 41. Re2 Rc1 42. Rf2 Qd1 43. Kxh4 1/2-1/2

[Event "3. Arber-Open 2014"]
[Site "Bayerisch Eisenstein"]
[Date "2014.08.23"]
[Round "8.22"]
[White "Kleinhenz, Hans-Georg"]
[Black "Rösch, David"]
[Result "1/2-1/2"]
[WhiteElo "1837"]
[BlackElo "1337"]
[PlyCount "66"]
[EventDate "2014.??.??"]
[WhiteTeam "Stolberger SV 1927"]
[BlackTeam "SC Bayerwald"]

1. d4 Nf6 2. c4 g6 3. Nc3 Bg7 4. e4 d6 5. Be2 O-O 6. Bg5 c5 7. d5 Bd7 8. h4 b5
9. cxb5 Qb6 10. a4 a6 11. a5 Qb7 12. b6 e6 13. Nf3 exd5 14. exd5 Re8 15. O-O
Ne4 16. Nxe4 Rxe4 17. Ra2 Bg4 18. b3 Nd7 19. Re1 Rae8 20. Be3 Nf6 21. Qd3 Bf5
22. Qxa6 Qxa6 23. Bxa6 Nxd5 24. Bb7 Nb4 25. Rae2 R4e7 26. a6 Bd3 27. Rd2 Bxa6
28. Bxa6 Nxa6 29. Rxd6 Rb7 30. Rc1 Bf8 31. Rc6 Re6 32. Rc8 Kg7 33. b4 Nxb4
1/2-1/2

[Event "3. Arber-Open 2014"]
[Site "Bayerisch Eisenstein"]
[Date "2014.08.23"]
[Round "8.23"]
[White "Kronschnabl, Matthias"]
[Black "Fäth, Christian"]
[Result "0-1"]
[WhiteElo "1300"]
[BlackElo "1070"]
[PlyCount "26"]
[EventDate "2014.??.??"]
[WhiteTeam "SC Bayerwald"]
[BlackTeam "SF Sailauf"]

1. e4 c5 2. Nf3 Nc6 3. d4 cxd4 4. Nxd4 e6 5. Nc3 Nf6 6. Bg5 Be7 7. Qd2 O-O 8.
f3 Re8 9. Be3 Bb4 10. O-O-O Bxc3 11. Qxc3 Qe7 12. Bd3 Nb4 13. Nb5 Nxa2+ 0-1

[Event "3. Arber-Open 2014"]
[Site "Bayerisch Eisenstein"]
[Date "2014.08.23"]
[Round "8.24"]
[White "Drews, Rüdiger"]
[Black "Stutz, Robert"]
[Result "1-0"]
[WhiteElo "1899"]
[BlackElo "1830"]
[PlyCount "91"]
[EventDate "2014.??.??"]
[WhiteTeam "Mosbacher SC von 1931"]
[BlackTeam "TSV Grossmehring"]

1. d4 d5 2. c4 e6 3. cxd5 exd5 4. Nc3 f5 5. Nf3 Nf6 6. Bg5 c6 7. e3 Bd6 8. Be2
O-O 9. a3 Qe8 10. Bxf6 Rxf6 11. Qc2 f4 12. e4 Rf8 13. exd5 cxd5 14. Nxd5 Be6
15. Nc3 Nd7 16. O-O Bg4 17. h3 Bh5 18. Rfe1 Qd8 19. Ne4 Be7 20. Rad1 Kh8 21.
Ne5 Bxe2 22. Qxe2 Nxe5 23. dxe5 Qa5 24. Nc3 f3 25. gxf3 Rae8 26. Rd5 Qb6 27. b4
Qg6+ 28. Kh2 Qh5 29. f4 Qh6 30. Qe3 Rxf4 31. Ne2 Bg5 32. Rg1 Rf5 33. Qd4 Bf4+
34. Nxf4 Rxf4 35. Qe3 Ref8 36. Rg2 Qh4 37. e6 Re4 38. Qc3 Qh6 39. Rd7 Rxe6 40.
Rdxg7 Ref6 41. Rxb7 Qf4+ 42. Kg1 Qf5 43. Rxa7 Rc8 44. Rc7 Rd8 45. Qb3 Qf4 46.
Qg3 1-0

[Event "3. Arber-Open 2014"]
[Site "Bayerisch Eisenstein"]
[Date "2014.08.23"]
[Round "8.25"]
[White "Schröder, Stefan"]
[Black "Weidenhöfer, Robert"]
[Result "1/2-1/2"]
[WhiteElo "1845"]
[BlackElo "1718"]
[PlyCount "88"]
[EventDate "2014.??.??"]
[WhiteTeam "Airbus Helicopters SG"]
[BlackTeam "SW Nürnberg Süd e.V."]

1. d4 b6 2. Nf3 Bb7 3. e3 Nf6 4. Nbd2 e6 5. c3 c5 6. Bd3 d5 7. O-O Bd6 8. Ne5
O-O 9. f4 Ne4 10. Qg4 f5 11. Qe2 Rf6 12. Ndf3 Rh6 13. Bd2 Nd7 14. Be1 Ndf6 15.
Ng5 Bxe5 16. dxe5 Ng4 17. Bxe4 dxe4 18. h3 Nxe5 19. Nxe6 Rxe6 20. fxe5 Rxe5 21.
Bg3 Rd5 22. Qc4 Qd7 23. Rf2 b5 24. Qb3 c4 25. Qc2 Rd3 26. Re1 Rf8 27. Be5 a6
28. Bd4 Qd6 29. Ref1 Bc8 30. Qe2 Qg6 31. Kh2 Be6 32. g4 Rf7 33. gxf5 Rxf5 34.
Rg1 Rxf2+ 35. Qxf2 Qf5 36. Rxg7+ Kf8 37. Qxf5+ Bxf5 38. Rg2 Kf7 39. Rf2 Ke6 40.
Kg3 Rd1 41. h4 Rg1+ 42. Rg2 Rxg2+ 43. Kxg2 Bg4 44. Kg3 Kf5 1/2-1/2

[Event "3. Arber-Open 2014"]
[Site "Bayerisch Eisenstein"]
[Date "2014.08.23"]
[Round "8.26"]
[White "Reinhardt, Michael"]
[Black "Trinkl, Andreas"]
[Result "1/2-1/2"]
[WhiteElo "1847"]
[BlackElo "1817"]
[PlyCount "70"]
[EventDate "2014.??.??"]
[WhiteTeam "TuS Hartha"]
[BlackTeam "SV 1947 Walldorf"]

1. f4 b6 2. Nf3 Bb7 3. e3 g6 4. Be2 Bg7 5. O-O Nf6 6. c4 O-O 7. Nc3 c5 8. b3
Ne4 9. Bb2 Nxc3 10. Bxc3 Bxc3 11. dxc3 d6 12. Qe1 Nd7 13. Rd1 Kg7 14. Bd3 Qc7
15. Qh4 Nf6 16. f5 Rh8 17. e4 Rag8 18. Rde1 Kf8 19. Rf2 gxf5 20. exf5 Ng4 21.
Rfe2 Ne5 22. Nxe5 dxe5 23. f6 e6 24. Be4 h5 25. h3 Rh6 26. Rd2 Bxe4 27. Rxe4
Rgg6 28. Qe1 Rxf6 29. Rxe5 Rfg6 30. Qe4 h4 31. Qe2 Rg3 32. Re3 Rhg6 33. Rxg3
hxg3 34. Qe3 Kg7 35. Rd3 Kg8 1/2-1/2

[Event "3. Arber-Open 2014"]
[Site "Bayerisch Eisenstein"]
[Date "2014.08.23"]
[Round "8.27"]
[White "Hubel, Hans-Martin"]
[Black "Flemming, Klaus"]
[Result "1/2-1/2"]
[WhiteElo "1795"]
[BlackElo "1766"]
[PlyCount "52"]
[EventDate "2014.??.??"]
[WhiteTeam "SF Birkenfeld"]
[BlackTeam "vereinslos"]

1. e4 e6 2. d4 d5 3. Nd2 Nf6 4. e5 Nfd7 5. f4 c5 6. Ngf3 cxd4 7. Nb3 Nc6 8.
Nbxd4 Nxd4 9. Nxd4 a6 10. Bd3 Nc5 11. O-O Nxd3 12. Qxd3 Bc5 13. Be3 Bd7 14. Rf3
Qb6 15. Nb3 Bxe3+ 16. Qxe3 Qc7 17. Qf2 Rc8 18. c3 g6 19. Re1 h5 20. Kh1 a5 21.
Nd4 b5 22. a3 b4 23. axb4 axb4 24. Ra1 Qb6 25. Qf1 bxc3 26. bxc3 O-O 1/2-1/2

[Event "3. Arber-Open 2014"]
[Site "Bayerisch Eisenstein"]
[Date "2014.08.23"]
[Round "8.28"]
[White "Bangert, Ruediger"]
[Black "Ranker, Klemens"]
[Result "0-1"]
[WhiteElo "1626"]
[BlackElo "1925"]
[PlyCount "80"]
[EventDate "2014.??.??"]
[WhiteTeam "vereinslos"]
[BlackTeam "SC Hauptstuhl"]

1. c4 Nf6 2. d4 g6 3. Nc3 Bg7 4. e4 d6 5. f3 O-O 6. Be3 Nbd7 7. Bd3 c5 8. d5
Ne5 9. Bc2 Nxc4 10. Bc1 Bd7 11. Nge2 a6 12. Rb1 b5 13. b4 cxb4 14. Rxb4 Qa5 15.
Rb1 b4 16. Na4 b3+ 17. Nac3 bxc2 18. Qxc2 Rfc8 19. O-O Qc5+ 20. Kh1 Ne3 21.
Bxe3 Qxe3 22. Rb3 Qh6 23. Qb1 Nh5 24. Qd3 Be5 25. f4 Nxf4 26. Qe3 g5 27. Ng3
Nxg2 28. Qf3 Nf4 29. Nf5 Bxf5 30. exf5 Nxd5 31. Rf2 Nxc3 32. Rg2 Nb5 33. Rb1
Rab8 34. Rbg1 f6 35. Qd5+ Kf8 36. Rb1 Nd4 37. Rbg1 Rc2 38. Rxc2 Nxc2 39. Qg2
Ne3 40. Qe2 Rb2 0-1

[Event "3. Arber-Open 2014"]
[Site "Bayerisch Eisenstein"]
[Date "2014.08.24"]
[Round "9.1"]
[White "Prusikin, Michael"]
[Black "Höfelsauer, Thomas"]
[Result "1-0"]
[WhiteElo "2524"]
[BlackElo "2257"]
[PlyCount "69"]
[EventDate "2014.??.??"]
[WhiteTeam "TV Tegernsee"]
[BlackTeam "SK München SO"]

1. e4 c6 2. Nc3 d5 3. Nf3 Bg4 4. h3 Bxf3 5. Qxf3 dxe4 6. Nxe4 Nd7 7. g3 Ngf6 8.
Bg2 Nxe4 9. Qxe4 Nf6 10. Qe2 e6 11. O-O Be7 12. Rd1 O-O 13. d4 Qb6 14. c4 Rfd8
15. Be3 Qa6 16. Qc2 Rac8 17. b3 b5 18. a4 bxc4 19. bxc4 Ne8 20. Be4 g6 21. h4
Nd6 22. Bd3 Nf5 23. Bxf5 exf5 24. h5 Bf6 25. Rab1 Rc7 26. h6 Rcd7 27. d5 Qc8
28. Qb3 a6 29. Qb6 Be5 30. Bd4 Qc7 31. Qxc7 Bxc7 32. Bf6 Re8 33. dxc6 Rxd1+ 34.
Rxd1 Re6 35. Bd8 1-0

[Event "3. Arber-Open 2014"]
[Site "Bayerisch Eisenstein"]
[Date "2014.08.24"]
[Round "9.2"]
[White "Schleich, Theodor"]
[Black "Jansa, Vlastimil"]
[Result "0-1"]
[WhiteElo "2035"]
[BlackElo "2438"]
[PlyCount "88"]
[EventDate "2014.??.??"]
[WhiteTeam "SK Siemens München"]
[BlackTeam "SC Forchheim e.V."]

1. d4 Nf6 2. Bg5 c5 3. Bxf6 gxf6 4. d5 Qb6 5. Qc1 f5 6. c4 Bg7 7. Nc3 d6 8. e3
Nd7 9. Nh3 Nf6 10. Qc2 Ne4 11. Bd3 Qxb2 12. Qxb2 Bxc3+ 13. Qxc3 Nxc3 14. f3 Bd7
15. Kd2 Na4 16. Rab1 Nb6 17. Nf4 e5 18. Nh5 Ke7 19. Ng3 Rhg8 20. Rhg1 Kf6 21.
Kc3 Rad8 22. Nh5+ Kg5 23. Ng3 Kg6 24. Ne2 Kf6 25. Rbf1 h5 26. g4 h4 27. gxf5
Bxf5 28. Bxf5 Kxf5 29. e4+ Kf6 30. Rg4 Rxg4 31. fxg4+ Kg6 32. Ng1 h3 33. Rf3
Rh8 34. Nxh3 Nd7 35. g5 Rh4 36. Kd3 Rg4 37. Rf2 f6 38. gxf6 Nxf6 39. Re2 Kh5
40. Nf2 Rg2 41. h3 Kg5 42. Rb2 b6 43. Ke2 Nxe4 44. Kf3 Rxf2+ 0-1

[Event "3. Arber-Open 2014"]
[Site "Bayerisch Eisenstein"]
[Date "2014.08.24"]
[Round "9.3"]
[White "Haman, Jakub"]
[Black "Hausner, Ivan"]
[Result "1/2-1/2"]
[WhiteElo "2181"]
[BlackElo "2350"]
[PlyCount "85"]
[EventDate "2014.??.??"]
[WhiteTeam "SK Kladno"]
[BlackTeam "SK 1908 Göggingen"]

1. e4 c5 2. Nf3 d6 3. d4 cxd4 4. Nxd4 Nf6 5. Nc3 Nc6 6. g3 Bg4 7. f3 Bd7 8. g4
h6 9. Be3 e6 10. Qd2 a6 11. h4 Be7 12. O-O-O b5 13. Bd3 Ne5 14. g5 Nh5 15. Rhg1
hxg5 16. hxg5 Qc7 17. f4 Nxd3+ 18. Qxd3 Qc4 19. Qxc4 bxc4 20. g6 fxg6 21. Rxg6
Kf7 22. Rg2 g6 23. e5 d5 24. Rdg1 Rag8 25. Nf3 Ng7 26. Rxg6 Nf5 27. Rxg8 Rxg8
28. Rxg8 Kxg8 29. Kd2 Bb4 30. a3 Bxc3+ 31. bxc3 Kf7 32. Bf2 Kg6 33. Nh4+ Nxh4
34. Bxh4 Kf5 35. Ke3 Ba4 36. Be7 Bxc2 37. Bd6 a5 38. Be7 a4 39. Bd6 Kg4 40. Be7
Kf5 41. Bd6 Kg4 42. Be7 Kf5 43. Bd6 1/2-1/2

[Event "3. Arber-Open 2014"]
[Site "Bayerisch Eisenstein"]
[Date "2014.08.24"]
[Round "9.4"]
[White "Möhn, Hans"]
[Black "Miesbauer, Jan"]
[Result "0-1"]
[WhiteElo "2226"]
[BlackElo "2006"]
[PlyCount "120"]
[EventDate "2014.??.??"]
[WhiteTeam "USV TU Dresden"]
[BlackTeam "SC Bayerwald Regen/Zwiesel e.V."]

1. d4 Nf6 2. c4 g6 3. Nc3 Bg7 4. e4 d6 5. Nf3 O-O 6. h3 e5 7. d5 Nbd7 8. Bg5 h6
9. Be3 Nh5 10. Nh2 a6 11. g3 Nhf6 12. g4 Ne8 13. Bd3 Nc5 14. Bc2 f5 15. b4 f4
16. Bd2 Nd7 17. Nf3 g5 18. h4 Nb6 19. c5 Nc4 20. hxg5 Bxg4 21. Qe2 Nxd2 22.
Kxd2 h5 23. Qd3 a5 24. a3 dxc5 25. bxc5 b6 26. Nh4 f3 27. Qe3 bxc5 28. Ba4 Nd6
29. Kc2 Rf4 30. Ng6 Rxe4 31. Nxe4 Bf5 32. Nh4 Bxe4+ 33. Kc1 Bxd5 34. Qxc5 Qxg5+
35. Kd1 Be6 36. Bc2 Rd8 37. Ke1 Ne4 38. Qe3 Qxe3+ 39. fxe3 f2+ 40. Kf1 Bc4+ 41.
Kg2 f1=Q+ 42. Rhxf1 Rd2+ 43. Kg1 Rxc2 44. Rac1 Rxc1 45. Rxc1 Be6 46. Rxc7 Bh6
47. Ng6 Bxe3+ 48. Kg2 Bg5 49. Nxe5 Bf4 50. Ra7 h4 51. Nf3 h3+ 52. Kf1 Bg4 53.
Ra8+ Kg7 54. Ra7+ Kf6 55. Ra6+ Ke7 56. Ra7+ Kd6 57. Nd4 Be3 58. Ra6+ Kc7 59.
Nc2 Ng3+ 60. Ke1 h2 0-1

[Event "3. Arber-Open 2014"]
[Site "Bayerisch Eisenstein"]
[Date "2014.08.24"]
[Round "9.5"]
[White "Cap, Adam"]
[Black "Meertens, Martin"]
[Result "1-0"]
[WhiteElo "2080"]
[BlackElo "2168"]
[PlyCount "113"]
[EventDate "2014.??.??"]
[WhiteTeam "SK Kladno"]
[BlackTeam "Klub Kölner SF e.V. 1"]

1. e4 e5 2. Nf3 Nc6 3. Bc4 Bc5 4. O-O Nf6 5. Re1 d6 6. h3 h6 7. c3 Bb6 8. d3 a6
9. a4 Qe7 10. Nbd2 Be6 11. b4 O-O 12. Qb3 Nd8 13. d4 Bxc4 14. Qxc4 c6 15. Qb3
Re8 16. Bb2 Qe6 17. c4 Nd7 18. Rad1 exd4 19. Nxd4 Bxd4 20. Bxd4 c5 21. bxc5
Nxc5 22. Bxc5 dxc5 23. Nf3 Qc6 24. e5 Ne6 25. Rd6 Qc7 26. Qc3 Rad8 27. Red1 Re7
28. Qd3 Rde8 29. Qd5 Nf4 30. Qe4 Ng6 31. R1d5 Re6 32. Qe3 Rc8 33. h4 Ne7 34.
Rd7 Qb6 35. Rd1 Nc6 36. Qe4 Rce8 37. Qf5 Nd8 38. h5 R6e7 39. Rxe7 Rxe7 40. Qc8
Re8 41. Rd5 Qa5 42. g3 Rf8 43. Rd6 Ne6 44. Qxb7 Qxa4 45. Qxa6 Qb3 46. Kg2 Qc2
47. Rxe6 fxe6 48. Qxe6+ Kh8 49. Qd5 Qf5 50. e6 Qf6 51. e7 Qxe7 52. Nh4 Qf7 53.
Ng6+ Kh7 54. Nxf8+ Qxf8 55. g4 Kh8 56. f3 Qe7 57. Qa8+ 1-0

[Event "3. Arber-Open 2014"]
[Site "Bayerisch Eisenstein"]
[Date "2014.08.24"]
[Round "9.6"]
[White "Bader, Gerd"]
[Black "Herbold, Manfred"]
[Result "1-0"]
[WhiteElo "2011"]
[BlackElo "2147"]
[PlyCount "75"]
[EventDate "2014.??.??"]
[WhiteTeam "SG Schwäbisch Gmünd 1872 e.V"]
[BlackTeam "TSV Hütschenhausen"]

1. e4 e5 2. Nf3 Nc6 3. d3 Nf6 4. Be2 d5 5. Nbd2 Bd6 6. c3 a5 7. O-O O-O 8. b3
b6 9. a3 Re8 10. Re1 Ba6 11. Qc2 Ne7 12. Nf1 Ng6 13. Ng3 c6 14. Bf1 Ra7 15. Nf5
Bf8 16. g3 Rd7 17. Bb2 Qc7 18. Rad1 Ne7 19. Nxe7+ Rdxe7 20. Bc1 h6 21. Nh4 g6
22. c4 Bc8 23. h3 Rd7 24. Bg2 Qd8 25. Bb2 dxe4 26. dxe4 Bc5 27. Rxd7 Bxd7 28.
Qd2 Bf8 29. Rd1 Qc8 30. Kh2 c5 31. Nf3 Bc6 32. Nxe5 Nxe4 33. Bxe4 Bxe4 34. Nd7
Re6 35. Nf6+ Rxf6 36. Bxf6 Qf5 37. Qf4 Qe6 38. Rd8 1-0

[Event "3. Arber-Open 2014"]
[Site "Bayerisch Eisenstein"]
[Date "2014.08.24"]
[Round "9.7"]
[White "Kottmair, Toni"]
[Black "Zepke, Armin"]
[Result "1/2-1/2"]
[WhiteElo "2259"]
[BlackElo "2105"]
[PlyCount "68"]
[EventDate "2014.??.??"]
[WhiteTeam "SK Königsbrunn"]
[BlackTeam "SC Bayerwald"]

1. e4 c6 2. d4 d5 3. exd5 cxd5 4. c4 e6 5. Nc3 Nf6 6. Nf3 Bb4 7. cxd5 Nxd5 8.
Bd2 O-O 9. Bd3 b6 10. Nxd5 Bxd2+ 11. Nxd2 exd5 12. O-O Ba6 13. Nf3 Bxd3 14.
Qxd3 Qd6 15. Rac1 Nc6 16. Rc3 Rac8 17. Qa6 Qb8 18. Re1 f6 19. Qb5 Qd6 20. Rec1
Ne7 21. Rxc8 Nxc8 22. h3 Ne7 23. Rc3 h6 24. Qa4 a5 25. Qc2 Rd8 26. Nh4 Qf4 27.
Rc7 Re8 28. Nf3 Qd6 29. Nh4 Qf4 30. Nf3 Qd6 31. Rc3 Qd7 32. Rc7 Qd6 33. Rc3 Qd7
34. Rc7 Qd6 1/2-1/2

[Event "3. Arber-Open 2014"]
[Site "Bayerisch Eisenstein"]
[Date "2014.08.24"]
[Round "9.8"]
[White "Kuba, Stanislav"]
[Black "Kolb, Wolfgang"]
[Result "1-0"]
[WhiteElo "2137"]
[BlackElo "2064"]
[PlyCount "71"]
[EventDate "2014.??.??"]
[WhiteTeam "SC Furth im Wald"]
[BlackTeam "SK Königsbrunn"]

1. g3 d5 2. Bg2 Nf6 3. Nf3 c5 4. O-O Nc6 5. a3 e6 6. c3 Be7 7. b4 O-O 8. b5 Na5
9. d3 c4 10. Nbd2 Qc7 11. d4 a6 12. bxa6 Rxa6 13. Ne5 Rb6 14. g4 Nb3 15. Nxb3
Rxb3 16. g5 Nd7 17. Ng4 f5 18. gxf6 Nxf6 19. Nxf6+ Rxf6 20. e4 Rg6 21. Kh1 Rxc3
22. Qh5 Bd6 23. exd5 exd5 24. Re1 Be6 25. Rxe6 Rxe6 26. Bxd5 Qe7 27. Qf5 Rd3
28. Qxe6+ Qxe6 29. Bxe6+ Kf8 30. Be3 Bxa3 31. Bxc4 Rc3 32. Bf1 Bd6 33. Rb1 Rc7
34. Bg2 b5 35. Rxb5 Ra7 36. Be4 1-0

[Event "3. Arber-Open 2014"]
[Site "Bayerisch Eisenstein"]
[Date "2014.08.24"]
[Round "9.9"]
[White "Ptacnik, Stanislav"]
[Black "Waddington, Mike P"]
[Result "1/2-1/2"]
[WhiteElo "2091"]
[BlackElo "2085"]
[PlyCount "39"]
[EventDate "2014.??.??"]
[BlackTeam "Dorchester"]

1. e4 e5 2. Nf3 Nc6 3. d4 exd4 4. Nxd4 Bc5 5. Nb3 Bb6 6. Nc3 Nf6 7. Bg5 h6 8.
Bh4 g5 9. Bg3 d6 10. Bd3 Bg4 11. Qd2 Nh5 12. Nd5 Ne5 13. Qc3 Nxg3 14. hxg3 c6
15. Nxb6 Qxb6 16. Qa5 O-O-O 17. Qxb6 axb6 18. f3 Be6 19. Nd4 d5 20. Nxe6
1/2-1/2

[Event "3. Arber-Open 2014"]
[Site "Bayerisch Eisenstein"]
[Date "2014.08.24"]
[Round "9.10"]
[White "Gil, Arthur"]
[Black "Pingitzer, Guenther"]
[Result "1-0"]
[WhiteElo "2032"]
[BlackElo "1880"]
[PlyCount "145"]
[EventDate "2014.??.??"]
[WhiteTeam "SU Ebersberg-Grafing"]
[BlackTeam "_Österrreich_"]

1. e4 Nf6 2. Nc3 d5 3. e5 Ne4 4. d4 Bf5 5. Bd3 e6 6. Nce2 h6 7. f3 Ng5 8. Be3
Nd7 9. h4 Nh7 10. Bxf5 exf5 11. Qd3 Qe7 12. O-O-O g6 13. Nf4 c6 14. Ngh3 Bg7
15. e6 Nb6 16. h5 g5 17. exf7+ Qxf7 18. Ng6 O-O-O 19. Qxf5+ Qxf5 20. Ne7+ Kd7
21. Nxf5 Rhg8 22. Rde1 Nc8 23. Nf2 Rdf8 24. Nxg7 Rxg7 25. Ng4 Nf6 26. Nxh6 Nd6
27. Ng4 Nxg4 28. fxg4 Ne4 29. Rhf1 Rgf7 30. Rxf7+ Rxf7 31. Kd1 a5 32. Rh1 Ke6
33. Rh3 Kf6 34. Rf3+ Kg7 35. Ke2 Rf6 36. Bg1 Re6 37. Kd1 Nf6 38. Rf5 Kh6 39.
Re5 Rxe5 40. dxe5 Nxg4 41. Bd4 Kxh5 42. Ke2 Kg6 43. Kf3 Nh6 44. a4 b5 45. b3
bxa4 46. bxa4 Kf5 47. Bc3 Nf7 48. e6 Kxe6 49. Kg4 Ne5+ 50. Kxg5 Nc4 51. Kh5 Ne3
52. g4 Nxc2 53. Bxa5 c5 54. Bd2 Kd6 55. g5 Nd4 56. g6 Ne6 57. Kg4 d4 58. Kf5 c4
59. a5 c3 60. Be1 Ke7 61. a6 Nc7 62. a7 Kf8 63. Kf6 Nd5+ 64. Ke5 Nc7 65. Kf6
Nd5+ 66. Ke6 Nb6 67. Ke5 c2 68. Bd2 Nc4+ 69. Kxd4 Nxd2 70. a8=Q+ Kg7 71. Qb7+
Kxg6 72. Qc6+ Kg5 73. Qg2+ 1-0

[Event "3. Arber-Open 2014"]
[Site "Bayerisch Eisenstein"]
[Date "2014.08.24"]
[Round "9.11"]
[White "Jenisch, Achim"]
[Black "Zellner, Richard"]
[Result "0-1"]
[WhiteElo "1830"]
[BlackElo "2143"]
[PlyCount "88"]
[EventDate "2014.??.??"]
[WhiteTeam "SF Botv. Steinsfurt"]
[BlackTeam "SG Schw München N"]

1. d4 Nf6 2. c4 g6 3. Nc3 Bg7 4. e4 d6 5. Be2 O-O 6. Bg5 c5 7. d5 a6 8. Qd2 b5
9. cxb5 axb5 10. Bxb5 Qb6 11. Bd3 Ba6 12. Bxa6 Nxa6 13. Rb1 c4 14. a3 Nc5 15.
Be3 Rfb8 16. Bxc5 Qxc5 17. Nge2 Rb3 18. O-O Rab8 19. Rfd1 Ng4 20. Rf1 Qb6 21.
Qg5 h5 22. h3 Bf6 23. Qc1 Ne5 24. Na4 Qa7 25. Nac3 Nd3 26. Qh6 Rxb2 27. g4 Rxb1
28. Nxb1 Nxf2 29. Rxf2 Rxb1+ 30. Kg2 hxg4 31. hxg4 Qd7 32. Qh3 c3 33. Qf3 g5
34. Nxc3 Rb3 35. Rc2 Qc8 36. a4 Rxc3 37. Rxc3 Qxc3 38. Qf5 Qc2+ 39. Kf3 Qxa4
40. Ke3 Qd4+ 41. Kf3 Qd3+ 42. Kg2 Qe2+ 43. Kh3 Kg7 44. e5 Qxe5 0-1

[Event "3. Arber-Open 2014"]
[Site "Bayerisch Eisenstein"]
[Date "2014.08.24"]
[Round "9.12"]
[White "Grod, Andreas"]
[Black "Pliev, Vladimir"]
[Result "1-0"]
[WhiteElo "2018"]
[BlackElo "2011"]
[PlyCount "91"]
[EventDate "2014.??.??"]
[WhiteTeam "SF Sailauf"]

1. e4 c5 2. Nf3 e6 3. d4 cxd4 4. Nxd4 a6 5. Bd3 Bc5 6. Nf3 Nc6 7. O-O Nge7 8.
Nc3 b5 9. Bf4 d6 10. Bg3 Bb7 11. e5 d5 12. Ng5 Ng6 13. Qh5 Nce7 14. Ne2 Qd7 15.
Nf4 Nf5 16. Bxf5 Nxf4 17. Bxf4 g6 18. Bxg6 fxg6 19. Qh3 Bc8 20. Be3 Ba7 21.
Rad1 Qe7 22. c3 O-O 23. Qg3 Rf5 24. f4 h6 25. Nh3 Kh7 26. Bxa7 Rxa7 27. Rd4 a5
28. a3 Rc7 29. Nf2 Ba6 30. Rfd1 Rc8 31. Ng4 Kg7 32. Nf6 Rxf6 33. exf6+ Qxf6 34.
Re1 Rf8 35. Qe3 Bc8 36. Qe5 Qxe5 37. fxe5 Bd7 38. Rf1 Rxf1+ 39. Kxf1 g5 40. Kf2
Kg6 41. g4 h5 42. h3 h4 43. Ke3 Kf7 44. Rd2 Ke7 45. Kd4 Be8 46. Kc5 1-0

[Event "3. Arber-Open 2014"]
[Site "Bayerisch Eisenstein"]
[Date "2014.08.24"]
[Round "9.13"]
[White "Gschwendtner, Stanislav"]
[Black "Strangmueller, Andreas"]
[Result "1/2-1/2"]
[WhiteElo "1987"]
[BlackElo "2005"]
[PlyCount "29"]
[EventDate "2014.??.??"]
[WhiteTeam "SC Bayerwald"]
[BlackTeam "SK Landshut"]

1. c4 c6 2. Nf3 d5 3. g3 Bg4 4. Ne5 Bh5 5. d4 e6 6. Bg2 Nf6 7. Qb3 Qb6 8. Bf4
Nbd7 9. Nxd7 Nxd7 10. cxd5 Qxb3 11. axb3 Bb4+ 12. Nc3 exd5 13. O-O O-O 14. e4
dxe4 15. Bxe4 1/2-1/2

[Event "3. Arber-Open 2014"]
[Site "Bayerisch Eisenstein"]
[Date "2014.08.24"]
[Round "9.14"]
[White "Weiland, Thomas"]
[Black "Desoye, Gernot"]
[Result "1/2-1/2"]
[WhiteElo "1889"]
[BlackElo "1941"]
[PlyCount "20"]
[EventDate "2014.??.??"]
[WhiteTeam "SV Oberursel"]
[BlackTeam "SF Graz"]

1. e4 c5 2. Nf3 Nc6 3. c3 d5 4. exd5 Qxd5 5. d4 Bg4 6. Be2 Nf6 7. O-O cxd4 8.
Nxd4 Nxd4 9. Bxg4 Nxg4 10. Qxg4 Nc6 1/2-1/2

[Event "3. Arber-Open 2014"]
[Site "Bayerisch Eisenstein"]
[Date "2014.08.24"]
[Round "9.15"]
[White "Fäth, Christian"]
[Black "Völz, Stephan"]
[Result "0-1"]
[WhiteElo "1070"]
[BlackElo "1946"]
[PlyCount "77"]
[EventDate "2014.??.??"]
[WhiteTeam "SF Sailauf"]
[BlackTeam "Muldental Wilkau-Haßlau"]

1. d4 Nf6 2. c4 e5 3. e3 exd4 4. exd4 Bb4+ 5. Bd2 Bxd2+ 6. Qxd2 O-O 7. Nc3 Re8+
8. Be2 d5 9. cxd5 Nxd5 10. Nf3 Nc6 11. O-O Bg4 12. Rfe1 Qd7 13. Rad1 Rad8 14.
h3 Bf5 15. Bb5 Qd6 16. Rxe8+ Rxe8 17. Ne5 Rd8 18. Bxc6 bxc6 19. Qg5 Bc2 20. Re1
f6 21. Qd2 fxe5 22. Qxc2 exd4 23. Ne4 Qg6 24. f3 Nf4 25. Qd2 Qf5 26. Rc1 Nxh3+
27. gxh3 Qxf3 28. Re1 Qxh3 29. Qg5 Rf8 30. Qe5 d3 31. Qxc7 Qg4+ 32. Qg3 d2 33.
Qxg4 dxe1=Q+ 34. Kg2 Qf1+ 35. Kh2 Qf4+ 36. Kh3 Qxg4+ 37. Kxg4 Rb8 38. b3 Rb4
39. Kf3 0-1

[Event "3. Arber-Open 2014"]
[Site "Bayerisch Eisenstein"]
[Date "2014.08.24"]
[Round "9.16"]
[White "Johanssen, Torsten"]
[Black "Leeb, Jonas"]
[Result "1-0"]
[WhiteElo "1915"]
[BlackElo "1897"]
[PlyCount "89"]
[EventDate "2014.??.??"]
[WhiteTeam "vereinslos"]
[BlackTeam "SK München SO"]

1. c4 e5 2. Nc3 Nf6 3. Nf3 Nc6 4. g3 Bc5 5. Nxe5 Bxf2+ 6. Kxf2 Nxe5 7. e4 d6 8.
d4 Nfg4+ 9. Kg2 Qf6 10. Qe2 Nc6 11. Nd5 Qd8 12. h3 Nf6 13. Bg5 Be6 14. Bxf6
gxf6 15. Qf2 Bxd5 16. exd5 Nb8 17. Re1+ Kf8 18. Qf4 Rg8 19. Bd3 Rg7 20. Bf5 Nd7
21. Re2 Kg8 22. Rhe1 Nf8 23. Re7 Ng6 24. Bxg6 Rxg6 25. Qf5 c6 26. Rxb7 Qa5 27.
Ree7 Qd2+ 28. Qf2 Qd3 29. dxc6 Qxc4 30. c7 Rc8 31. Rb8 Qc6+ 32. d5 Qxd5+ 33.
Qf3 Qd2+ 34. Re2 Qc1 35. Rxc8+ Kg7 36. Qc3 Qd1 37. Rce8 d5 38. c8=Q d4 39. Rg8+
Kh6 40. Rxg6+ fxg6 41. Qd2+ Qxd2 42. Rxd2 a5 43. Qf8+ Kg5 44. Qc5+ f5 45. Qxd4
1-0